| 000 | 00439nam a2200157 4500 | ||
|---|---|---|---|
| 001 | 144445 | ||
| 003 | ES-MaACL | ||
| 007 | t| | ||
| 008 | 070214s1941 sp r ||||1| spa d | ||
| 100 | 1 |
_aSilio Beleña, César. _9106346 |
|
| 245 | 1 | 0 |
_aNociones de economía / _cCésar Silio Beleña. |
| 250 | _a6ª. ed. modificada. | ||
| 260 |
_aMadrid : _bEspasa Calpe, _c1941. |
||
| 300 |
_a412 p. ; _c23 cm. |
||
| 852 |
_aES-MaACL _jB-9279 _bR.19343 |
||
| 999 |
_c144445 _d144445 |
||